000 00490nam a2200169Ia 4500
003 GCL
008 140319s9999 xx 000 0 ara d
040 _aGCL /
_cGCL
082 0 4 _a330.121
_bع م
100 1 _aعبدالعزيز فهمى هيكل
245 1 0 _aمدخل الى الاقتصاد الاسلامى /
_cعبدالعزيز فهمى هيكل
300 _a223 ص
490 _a
650 0 4 _aالاقتصاد
650 0 4 _aالاقتصاد الاسلامى
942 _2ddc
_cBK
999 _c44868
_d44868